[Event "La Reina op 3rd"]
[Site "La Reina"]
[Date "2019.08.21"]
[Round "1.9"]
[White "Quiroz Sanhueza, Bastian Alexis"]
[Black "Cisternas Cristi, Javier"]
[Result "1-0"]
[WhiteElo "1730"]
[BlackElo "1182"]
[PlyCount "94"]
[EventDate "2019.08.21"]
[EventType "swiss"]
[EventRounds "6"]
[EventCountry "CHI"]
[SourceTitle "EXT 2024"]
[Source "ChessBase"]
[SourceDate "2023.10.10"]
[SourceVersion "1"]
[SourceVersionDate "2023.10.10"]
[SourceQuality "1"]

1. d4 d5 2. Nf3 g6 3. Bf4 Bg7 4. e3 Nf6 5. Be2 0-0 6. Nbd2 Nbd7 7. Ne5 c5 8. c3 c4 9. h4 h5 10. 0-0 Nxe5 11. Bxe5 b5 12. a3 Bg4 13. Bxg4 Nxg4 14. Bxg7 Kxg7 15. g3 e6 16. Nf3 Nf6 17. Ng5 Ne4 18. Nxe4 dxe4 19. a4 a6 20. b3 Qd5 21. Rb1 Rfb8 22. bxc4 bxc4 23. Qc2 f5 24. Rb2 Rb7 25. Rxb7+ Qxb7 26. Rb1 Qd5 27. Rb4 Ra7 28. Qb2 Kf6 29. Rb8 Qa5 30. Qb4 Qc7 31. Qf8+ Qf7 32. Qh8+ Qg7 33. Rf8+ Rf7 34. Rxf7+ Kxf7 35. Qc8 Qf8 36. Qxc4 Qa3 37. Qc7+ Kf6 38. a5 Qa1+ 39. Kg2 Qd1 40. Qf4 Qa4 41. Qe5+ Kf7 42. Qc7+ Kf6 43. c4 Qd1 44. Qf4 Qf3+ 45. Qxf3 exf3+ 46. Kxf3 Ke7 47. Kf4 Kf6 1-0